[Event "Hastings op 199394"]
[Site "Hastings"]
[Date "1993.??.??"]
[Round "?"]
[White "McDonald, Neil R"]
[Black "Flear, Glenn C"]
[Result "1/2-1/2"]
[WhiteElo "2410"]
[BlackElo "2510"]
[PlyCount "119"]
[EventDate "1993.12.??"]
[EventType "swiss"]
[EventRounds "11"]
[EventCountry "ENG"]
[Source "Fruth,M"]
[SourceDate "2003.05.15"]

1. e4 e5 2. f4 exf4 3. Nf3 d6 4. Bc4 h6 5. h4 Nf6 6. Nc3 Nc6 7. d4 Nh5 8. d5
Ne7 9. Nd4 Ng3 10. Rh2 g5 11. hxg5 Ng6 12. Bb5+ Bd7 13. Bxd7+ Qxd7 14. gxh6
Bxh6 15. Nf3 f5 16. exf5 Qxf5 17. Qd3 O-O-O 18. Qxf5+ Nxf5 19. Bd2 Rde8+ 20.
Kf2 Ne3 21. Bxe3 fxe3+ 22. Kf1 Bg7 23. Rxh8 Bxh8 24. Ne2 Bxb2 25. Rb1 Bg7 26.
Rb4 Bh6 27. Rg4 Ne5 28. Rh4 Nf7 29. Ned4 Kd8 30. Ke2 Rg8 31. g4 Kd7 32. g5 Bf8
33. Rh7 Ke8 34. Ne6 c6 35. Kxe3 Be7 36. Nc7+ Kf8 37. Ne6+ Ke8 38. dxc6 bxc6 39.
Nc7+ Kf8 40. Ne6+ Ke8 41. Kf4 d5 42. Nfd4 Nxg5 43. Nxg5 Bxg5+ 44. Ke5 Be3 45.
Ne6 Rg4 46. Kd6 Bf4+ 47. Kxc6 Rg2 48. Rxa7 Rxc2+ 49. Kxd5 Be3 50. Ra6 Ke7 51.
a4 Bg1 52. Nf4 Kd7 53. Nd3 Rc3 54. Ne5+ Kc7 55. Rg6 Rc5+ 56. Ke6 Rc1 57. a5 Kb7
58. Kd5 Rc5+ 59. Kd6 Bd4 60. Rg7+ 1/2-1/2

[Event "SSKK Bulletinen 40 jub corr T"]
[Site "corr"]
[Date "1994.??.??"]
[Round "?"]
[White "Johnson, Maurice W"]
[Black "Morgado, Juan J Sebastian"]
[Result "1-0"]
[WhiteElo "2560"]
[BlackElo "2510"]
[PlyCount "57"]
[EventDate "1994.??.??"]
[EventType "tourn (corr)"]
[EventRounds "15"]
[EventCountry "SWE"]
[Source "Fruth,M"]
[SourceDate "2003.05.15"]

1. e4 e5 2. f4 exf4 3. Nf3 d6 4. d4 g5 5. h4 g4 6. Ng1 f3 7. Bg5 f6 8. Be3 Be7
9. gxf3 f5 10. exf5 g3 11. Qe2 Nf6 12. Nc3 c6 13. Ne4 Kd7 14. Qd2 Kc7 15. Ne2
Nh5 16. Bg5 Rf8 17. N2xg3 Nxg3 18. Nxg3 h6 19. Bxh6 Bxh4 20. O-O-O Rh8 21. Bf4
Bxg3 22. Rxh8 Qxh8 23. Bxg3 Qf8 24. Qf4 Na6 25. d5 c5 26. f6 Bd7 27. f7 b5 28.
Qf6 c4 29. Bf4 1-0

[Event "Leeuwarden op"]
[Site "Leeuwarden"]
[Date "1995.??.??"]
[Round "4"]
[White "Riemersma, Liafbern"]
[Black "Hjartarson, Johann"]
[Result "0-1"]
[WhiteElo "2415"]
[BlackElo "2570"]
[PlyCount "74"]
[EventDate "1995.08.??"]
[EventType "swiss"]
[EventRounds "9"]
[EventCountry "NED"]
[Source "Fruth,M"]
[SourceDate "2003.05.15"]

1. e4 e5 2. f4 exf4 3. Nf3 d6 4. d4 g5 5. h4 g4 6. Ng1 Bh6 7. Nc3 Nf6 8. Nge2
Nh5 9. Nd5 O-O 10. Ndxf4 Bxf4 11. Bxf4 Qe7 12. Qd2 Qxe4 13. O-O-O Nc6 14. Bg5
f6 15. Nc3 Qg6 16. Bc4+ Kh8 17. Bh6 Re8 18. Nd5 Be6 19. Bd3 Qf7 20. Nf4 Nxd4
21. Nxh5 Qxh5 22. Rhf1 Nf5 23. Bxf5 Bxf5 24. Be3 Re6 25. Bd4 Kg8 26. Qf4 Be4
27. Bxf6 Rf8 28. Qe3 Bd5 29. Qg5+ Qxg5+ 30. hxg5 Bxg2 31. Rfe1 Rfe8 32. Rg1 Bf3
33. Rdf1 Kf7 34. Bd4 Kg6 35. a4 c5 36. Bf6 h5 37. gxh6 Rxf6 0-1

[Event "Moscow 5 IT"]
[Site "Moscow"]
[Date "1995.??.??"]
[Round "7"]
[White "Fedorov, Alexei"]
[Black "Kharitonov, Andrei Y"]
[Result "1/2-1/2"]
[WhiteElo "2540"]
[BlackElo "2550"]
[PlyCount "81"]
[EventDate "1995.??.??"]
[EventType "tourn"]
[EventRounds "11"]
[EventCountry "RUS"]
[EventCategory "10"]
[Source "Fruth,M"]
[SourceDate "2003.05.15"]

1. e4 e5 2. f4 exf4 3. Nf3 d6 4. d4 g5 5. h4 g4 6. Ng1 Bh6 7. Ne2 Qf6 8. Nbc3
c6 9. g3 fxg3 10. Nxg3 Bxc1 11. Rxc1 Qh6 12. Bg2 Ne7 13. Qd2 Qxd2+ 14. Kxd2 Nd7
15. Rcf1 Nb6 16. b3 Be6 17. Nce2 d5 18. e5 O-O-O 19. h5 Rdg8 20. Nf4 Rg5 21.
Nfe2 Nd7 22. Rf2 Nf5 23. c4 Nxg3 24. Nxg3 Rf8 25. cxd5 cxd5 26. Ke3 Kd8 27. Ne2
f6 28. Nf4 Bg8 29. Nxd5 fxe5 30. Rxf8+ Nxf8 31. Nf6 exd4+ 32. Kxd4 Bf7 33. Bxb7
Ke7 34. Nd5+ Bxd5 35. Bxd5 Ne6+ 36. Bxe6 Kxe6 37. Ke4 g3 38. Rg1 g2 39. Kf4 Kf6
40. Kf3 Rxh5 41. Rxg2 1/2-1/2

[Event "Biel op"]
[Site "Biel"]
[Date "1995.??.??"]
[Round "3"]
[White "Gallagher, Joseph G"]
[Black "Kuzmin, Alexey"]
[Result "0-1"]
[WhiteElo "2515"]
[BlackElo "2500"]
[PlyCount "76"]
[EventDate "1995.07.??"]
[EventType "swiss"]
[EventRounds "11"]
[EventCountry "SUI"]
[Source "Fruth,M"]
[SourceDate "2003.05.15"]

1. e4 e5 2. f4 exf4 3. Nf3 d6 4. Bc4 h6 5. d3 g5 6. g3 g4 7. Nd4 f3 8. c3 Nc6
9. Na3 Nxd4 10. cxd4 Bg7 11. Qb3 Qe7 12. Bf4 c6 13. Qb4 a5 14. Qb6 d5 15. Bxd5
Ra6 16. Qb3 cxd5 17. Nb5 Qb4+ 18. Qxb4 axb4 19. Nc7+ Kd8 20. Nxa6 bxa6 21. e5
Ne7 22. Rc1 Be6 23. h3 gxh3 24. Kf2 Kd7 25. Kxf3 Nc6 26. g4 Nxd4+ 27. Ke3 Nc6
28. d4 f6 29. exf6 Bxf6 30. Rxh3 Bxg4 31. Rxh6 Bxd4+ 32. Kd3 Rxh6 33. Bxh6 Bxb2
34. Rf1 Be6 35. Bd2 a5 36. Rh1 Bf5+ 37. Ke3 Kd6 38. Rh6+ Kc5 0-1

[Event "Reggio Emilia 199596 IT"]
[Site "Reggio Emilia"]
[Date "1996.??.??"]
[Round "7"]
[White "Belotti, Bruno"]
[Black "Beliavsky, Alexander G"]
[Result "1/2-1/2"]
[WhiteElo "2390"]
[BlackElo "2615"]
[PlyCount "127"]
[EventDate "1995.12.??"]
[EventType "tourn"]
[EventRounds "9"]
[EventCountry "ITA"]
[EventCategory "14"]
[Source "Fruth,M"]
[SourceDate "2003.05.15"]

1. e4 e5 2. f4 exf4 3. Nf3 d6 4. Bc4 h6 5. d3 g5 6. g3 Nc6 7. gxf4 g4 8. Ng1
Qh4+ 9. Kf1 f5 10. Nc3 Nf6 11. Kg2 fxe4 12. dxe4 Bd7 13. h3 Nh5 14. hxg4 Qg3+
15. Kf1 Nxf4 16. Qf3 Qxf3+ 17. Nxf3 Ng6 18. g5 Bg4 19. Be2 O-O-O 20. gxh6 Be7
21. Rg1 Bh5 22. Be3 Rdf8 23. Ke1 Nf4 24. Nd4 Nxe2 25. Ncxe2 Ne5 26. Rh1 Bg6 27.
Ng3 Ng4 28. Ke2 Nxe3 29. Kxe3 Bg5+ 30. Ke2 Re8 31. Ndf5 d5 32. Kf3 dxe4+ 33.
Nxe4 Be7 34. Nxe7+ Rxe7 35. Ng5 Rf8+ 36. Kg4 Re2 37. Rag1 Bf5+ 38. Kg3 Bxc2 39.
h7 Bxh7 40. Rxh7 Rxb2 41. Rc1 c6 42. Ne4 Kb8 43. Nc5 Rg8+ 44. Kf3 a5 45. Rd1
Rg5 46. Rc1 Rb5 47. Ne4 Rg8 48. Rc5 Rb4 49. Rxa5 Rf8+ 50. Ke3 Re8 51. Rh4 b5
52. Ra3 Kc7 53. Rc3 Ra4 54. Rc2 Kb6 55. Kf3 Ra3+ 56. Kf2 Ra4 57. Kf3 Ra3+ 58.
Kf2 Ra4 59. Re2 Rea8 60. Rh6 Rxa2 61. Rxa2 Rxa2+ 62. Ke3 b4 63. Rh5 Ra5 64.
Rxa5 1/2-1/2

[Event "AUT-ch TT 2S 199697"]
[Site "AUT"]
[Date "1996.??.??"]
[Round "7"]
[White "Hresc, Vladimir"]
[Black "Petran, Pal"]
[Result "0-1"]
[WhiteElo "2435"]
[BlackElo "2415"]
[PlyCount "110"]
[EventDate "1996.??.??"]
[EventType "team"]
[EventCountry "AUT"]
[Source "Fruth,M"]
[SourceDate "2003.05.15"]

1. e4 e5 2. f4 exf4 3. Nf3 d6 4. Bc4 h6 5. d3 g5 6. g3 Nc6 7. gxf4 g4 8. Ng1
Qh4+ 9. Kd2 Qf2+ 10. Ne2 Nd4 11. Qf1 Nf3+ 12. Kd1 Qxf1+ 13. Rxf1 Nxh2 14. Rh1
Nf3 15. Nd2 Bg7 16. c3 Nxd2 17. Bxd2 h5 18. f5 c6 19. Kc2 d5 20. exd5 cxd5 21.
Bxd5 Ne7 22. Be4 Bxf5 23. Bxf5 Nxf5 24. Raf1 Ne7 25. Bg5 f6 26. Bxf6 Bxf6 27.
Rxf6 O-O-O 28. Rf7 Ng6 29. Rg7 Rde8 30. Ng3 Nf4 31. Rf7 Re3 32. Nf5 Re2+ 33.
Kb3 Nxd3 34. Nd6+ Kb8 35. Rxb7+ Ka8 36. Ka3 Re6 37. Rd7 Ne5 38. Rxh5 Rb8 39.
Rxe5 Rxe5 40. b4 Rg5 41. Ne4 Rg6 42. Rd3 Re8 43. Ng3 Rf8 44. b5 Rgg8 45. Kb3
Rf3 46. Kc2 Rgf8 47. Ne4 Rxd3 48. Kxd3 g3 49. Nxg3 Rf3+ 50. Kc4 Rxg3 51. Kb4
Kb7 52. a4 Rg4+ 53. c4 a6 54. Kc5 axb5 55. axb5 Rg5+ 0-1

[Event "Amsterdam op"]
[Site "Amsterdam"]
[Date "1996.??.??"]
[Round "?"]
[White "Conquest, Stuart"]
[Black "Bellin, Robert"]
[Result "*"]
[WhiteElo "2585"]
[BlackElo "2375"]
[PlyCount "24"]
[EventDate "1996.??.??"]
[EventType "swiss"]
[EventRounds "9"]
[EventCountry "NED"]
[Source "Fruth,M"]
[SourceDate "2003.05.15"]

1. e4 e5 2. f4 exf4 3. Nf3 d6 4. Bc4 h6 5. b4 Bg4 6. O-O Nf6 7. Nc3 Be7 8. d4
c6 9. Bd3 Qb6 10. Ne2 g5 11. c4 Qxb4 12. Rb1 Qa5 *

[Event "Cleeve mem corr T CCCA"]
[Site "corr"]
[Date "1996.07.15"]
[Round "?"]
[White "Nimtz, Manfred"]
[Black "Kozlowicz, Alejandro Antonio"]
[Result "1-0"]
[WhiteElo "2600"]
[BlackElo "2515"]
[PlyCount "37"]
[EventDate "1996.??.??"]
[EventType "tourn (corr)"]
[EventRounds "15"]
[EventCountry "CAN"]
[EventCategory "11"]
[Source "Fruth,M"]
[SourceDate "2003.05.15"]

1. e4 e5 2. f4 exf4 3. Nf3 d6 4. d4 g5 5. h4 g4 6. Ng1 f5 7. Bxf4 fxe4 8. Nc3
Nf6 9. Qd2 d5 10. O-O-O c6 11. h5 Be6 12. Nge2 Nbd7 13. Ng3 Bb4 14. a3 Ba5 15.
Be2 b5 16. Bd6 Rc8 17. Rdf1 Bc7 18. Nf5 Bxf5 19. Bxc7 1-0

[Event "Donner mem op"]
[Site "Amsterdam"]
[Date "1996.??.??"]
[Round "6"]
[White "Conquest, Stuart"]
[Black "Bellin, Robert"]
[Result "1-0"]
[WhiteElo "2585"]
[BlackElo "2375"]
[PlyCount "43"]
[EventDate "1996.08.17"]
[EventType "swiss"]
[EventRounds "11"]
[EventCountry "NED"]
[Source "Fruth,M"]
[SourceDate "2003.05.15"]

1. e4 e5 2. f4 exf4 3. Nf3 d6 4. Bc4 h6 5. b4 Bg4 6. O-O Nf6 7. Nc3 Be7 8. d4
c6 9. Bd3 Qb6 10. Ne2 g5 11. c4 Qxb4 12. Rb1 Qa5 13. Rxb7 Nbd7 14. Bd2 Qd8 15.
e5 dxe5 16. dxe5 Bxf3 17. exf6 Bc5+ 18. Kh1 Ne5 19. Bf5 Bh5 20. Qe1 O-O 21.
Nxf4 Nxc4 22. Rd7 1-0

[Event "Gran Canaria op"]
[Site "Las Palmas"]
[Date "1997.??.??"]
[Round "?"]
[White "Renet, Olivier"]
[Black "Tkachiev, Vladislav"]
[Result "1/2-1/2"]
[WhiteElo "2520"]
[BlackElo "2615"]
[PlyCount "43"]
[EventDate "1997.??.??"]
[EventType "swiss"]
[EventRounds "9"]
[EventCountry "ESP"]
[Source "Fruth,M"]
[SourceDate "2003.05.15"]

1. e4 e5 2. f4 exf4 3. Nf3 d6 4. d4 g5 5. h4 g4 6. Ng1 Qf6 7. Nc3 Ne7 8. Nge2
Bh6 9. Qd2 Bd7 10. g3 Nbc6 11. gxf4 O-O-O 12. Bg2 Qg7 13. b3 f5 14. Bb2 fxe4
15. Nxe4 d5 16. Nc5 Bf5 17. O-O-O Rhf8 18. h5 Kb8 19. Kb1 Qf6 20. Rdf1 b6 21.
Nd3 Be4 22. Ng3 1/2-1/2

[Event "EU-ch TT"]
[Site "Pula"]
[Date "1997.??.??"]
[Round "5"]
[White "Fedorov, Alexei"]
[Black "Pinter, Jozsef"]
[Result "1/2-1/2"]
[WhiteElo "2580"]
[BlackElo "2575"]
[PlyCount "61"]
[EventDate "1997.05.??"]
[EventType "team"]
[EventRounds "9"]
[EventCountry "CRO"]
[Source "Fruth,M"]
[SourceDate "2003.05.15"]

1. e4 e5 2. f4 exf4 3. Nf3 d6 4. d4 g5 5. h4 g4 6. Ng1 Bh6 7. Nc3 c6 8. Nge2
Qf6 9. g3 fxg3 10. Nxg3 Bxc1 11. Rxc1 Qf4 12. Nce2 Qe3 13. c4 Ne7 14. Rc3 Qh6
15. Bg2 O-O 16. O-O Ng6 17. Rf6 Qxh4 18. Rxd6 c5 19. Nf5 Qg5 20. Rd5 cxd4 21.
Rg3 Qf6 22. Rxg4 Be6 23. Nf4 Bxd5 24. Nxd5 Qe5 25. Rg5 Kh8 26. Rh5 Nd7 27. Qf3
Rfe8 28. Nh6 Qg7 29. Nxf7+ Kg8 30. Nh6+ Kh8 31. Nf7+ 1/2-1/2

[Event "Aruna IT"]
[Site "Copenhagen"]
[Date "1997.05.04"]
[Round "3"]
[White "Aagaard, Jacob"]
[Black "Keitlinghaus, Ludger"]
[Result "0-1"]
[WhiteElo "2440"]
[BlackElo "2515"]
[PlyCount "94"]
[EventDate "1997.05.02"]
[EventType "tourn"]
[EventRounds "9"]
[EventCountry "DEN"]
[EventCategory "10"]
[Source "Fruth,M"]
[SourceDate "2003.05.15"]

1. e4 e5 2. f4 exf4 3. Nf3 d6 4. d4 g5 5. h4 g4 6. Ng1 Qf6 7. Nc3 Ne7 8. Nge2
Bh6 9. Qd2 Bd7 10. g3 Nbc6 11. gxf4 d5 12. exd5 Nb4 13. Bg2 Bf5 14. Ne4 Bxe4
15. Bxe4 Nbxd5 16. c4 Nb6 17. Qd3 O-O-O 18. Be3 Ng6 19. O-O-O Rhe8 20. Nc3 Nxf4
21. Bxf4 Qxf4+ 22. Kc2 Qe3 23. c5 Qxd3+ 24. Kxd3 Nd7 25. Bf5 Kb8 26. Kc4 Nf6
27. Rhg1 Be3 28. Rg2 h5 29. b4 c6 30. Rd3 Nd5 31. Nxd5 Rxd5 32. Re2 Rxf5 33.
Rdxe3 Rxe3 34. Rxe3 Rf1 35. b5 Rc1+ 36. Kd3 Rd1+ 37. Kc4 Rc1+ 38. Kd3 Rd1+ 39.
Kc4 cxb5+ 40. Kd5 a5 41. Re8+ Ka7 42. Re7 g3 43. Re2 f5 44. Rg2 f4 45. Ke4 b4
46. Rc2 Rf1 47. d5 f3 0-1

[Event "Capablanca Elite 32 IT"]
[Site "Cienfuegos"]
[Date "1997.??.??"]
[Round "11"]
[White "Hernandez, Gilberto"]
[Black "Schlosser, Philipp"]
[Result "0-1"]
[WhiteElo "2540"]
[BlackElo "2560"]
[PlyCount "68"]
[EventDate "1997.05.05"]
[EventType "tourn"]
[EventRounds "11"]
[EventCountry "CUB"]
[EventCategory "12"]
[Source "Fruth,M"]
[SourceDate "2003.05.15"]

1. e4 d6 2. f4 e5 3. Nf3 exf4 4. Bc4 h6 5. Nc3 g5 6. O-O Bg7 7. d4 Nc6 8. Nd5
Nce7 9. g3 Nxd5 10. Bxd5 Nf6 11. gxf4 Nxd5 12. exd5 g4 13. Ne1 Bf5 14. Ng2 h5
15. Ne3 Qf6 16. Nxf5 Qxf5 17. Re1+ Kf8 18. c4 h4 19. Be3 Re8 20. Qd2 g3 21. Re2
Bf6 22. Rae1 Rg8 23. Rg2 Qe4 24. Rge2 Qf3 25. h3 Kg7 26. f5 Kh7 27. Rf1 Qh5 28.
Qd3 Re7 29. Rf4 Rge8 30. Re1 Rxe3 31. Rxe3 Rxe3 32. Qxe3 Qd1+ 33. Kg2 Bg5 34.
f6 Qc2+ 0-1

[Event "Torneo Magistral 6th"]
[Site "Madrid"]
[Date "1997.05.26"]
[Round "5"]
[White "Short, Nigel D"]
[Black "Akopian, Vladimir"]
[Result "1-0"]
[WhiteElo "2690"]
[BlackElo "2655"]
[PlyCount "93"]
[EventDate "1997.06.??"]
[EventType "tourn"]
[EventRounds "9"]
[EventCountry "ESP"]
[EventCategory "17"]
[Source "Fruth,M"]
[SourceDate "2003.05.15"]

1. e4 e5 2. f4 exf4 3. Nf3 d6 4. d4 g5 5. h4 g4 6. Ng1 Bh6 7. Nc3 c6 8. Nge2
Qf6 9. g3 fxg3 10. Nxg3 Bxc1 11. Rxc1 Qh6 12. Bd3 Qe3+ 13. Nce2 Ne7 14. Qd2
Qxd2+ 15. Kxd2 d5 16. Rce1 Be6 17. Nf4 O-O 18. exd5 Nxd5 19. Nxe6 fxe6 20. Rxe6
Nd7 21. Nf5 Kh8 22. Rf1 Rae8 23. Rxe8 Rxe8 24. c4 N5f6 25. Ng3 c5 26. d5 Kg7
27. Nf5+ Kh8 28. Nd6 Rf8 29. Re1 g3 30. Bf5 Nb6 31. b3 Ne8 32. Nxb7 Ng7 33. Bh3
Rf4 34. Nxc5 Rxh4 35. Bg2 Rh2 36. Re2 Nf5 37. Be4 Nd6 38. Bf3 Rh6 39. Ne6 Rf6
40. Bg2 Nd7 41. c5 Nf7 42. d6 Nfe5 43. Bd5 Rf5 44. c6 Nb6 45. Bg2 Rf2 46. Rxf2
gxf2 47. Ke2 1-0

[Event "Viking op"]
[Site "Aaland-Stockholm"]
[Date "1997.??.??"]
[Round "?"]
[White "Svensson, Bengt"]
[Black "Gyimesi, Zoltan"]
[Result "0-1"]
[WhiteElo "2385"]
[BlackElo "2525"]
[PlyCount "68"]
[EventDate "1997.08.??"]
[EventType "swiss"]
[EventRounds "9"]
[EventCountry "SWE"]
[Source "Fruth,M"]
[SourceDate "2003.05.15"]

1. e4 e5 2. f4 exf4 3. Nf3 d6 4. d4 g5 5. h4 g4 6. Ng1 f5 7. Bxf4 fxe4 8. Nc3
Nf6 9. Qd2 d5 10. Nge2 c6 11. Ng3 Be6 12. O-O-O Nbd7 13. Be2 Be7 14. Rdf1 Qb6
15. Bg5 O-O-O 16. Nf5 Bxf5 17. Rxf5 Rdf8 18. Rhf1 h5 19. Nd1 Qd8 20. Bh6 Rfg8
21. c4 Nb6 22. Qf4 Bd6 23. Qd2 Be7 24. Qf4 Nfd7 25. c5 Na8 26. Rxh5 Bxh4 27.
Bxg4 Rxg4 28. Qxg4 Rxh6 29. Ne3 Rxh5 30. Qxh5 Bg5 31. Qh3 Nc7 32. Kb1 Bxe3 33.
Qxe3 Qg8 34. Qh3 Ne6 0-1

[Event "Budapest FS12 GM IT"]
[Site "Budapest"]
[Date "1997.??.??"]
[Round "7"]
[White "Salmensuu, Olli"]
[Black "Varga, Zoltan"]
[Result "1/2-1/2"]
[WhiteElo "2380"]
[BlackElo "2495"]
[PlyCount "20"]
[EventDate "1997.12.??"]
[EventType "tourn"]
[EventRounds "11"]
[EventCountry "HUN"]
[EventCategory "7"]
[Source "Fruth,M"]
[SourceDate "2003.05.15"]

1. e4 e5 2. f4 exf4 3. Nf3 d6 4. d4 g5 5. h4 g4 6. Ng1 Nf6 7. Bxf4 Nxe4 8. Nd2
d5 9. Nxe4 dxe4 10. Qd2 Bg7 1/2-1/2

[Event "MK Cafe Cup op A"]
[Site "Koszalin"]
[Date "1998.08.06"]
[Round "4"]
[White "Grabarczyk, Bogdan"]
[Black "Shetty, Rahul"]
[Result "1-0"]
[WhiteElo "2425"]
[BlackElo "2385"]
[PlyCount "49"]
[EventDate "1998.08.03"]
[EventType "swiss"]
[EventRounds "10"]
[EventCountry "POL"]
[Source "Fruth,M"]
[SourceDate "2003.05.15"]

1. e4 e5 2. f4 exf4 3. Nf3 d6 4. Bc4 h6 5. h4 Nf6 6. Nc3 Bg4 7. d4 Be7 8. Bxf4
Nh5 9. Be3 Ng3 10. Rh2 c6 11. Qd3 b5 12. Bb3 a5 13. a4 b4 14. Nd1 O-O 15. Bf2
Nh5 16. Ne3 Nf4 17. Qd2 Nxg2+ 18. Rxg2 Bxf3 19. Rxg7+ Kh8 20. Nf5 Bg5 21. hxg5
Bg4 22. g6 Qg5 23. Qxg5 hxg5 24. Rh7+ Kg8 25. Nh6# 1-0

[Event "Elista olm"]
[Site "Elista"]
[Date "1998.10.12"]
[Round "13"]
[White "Belotti, Bruno"]
[Black "Kostenko, Petr"]
[Result "0-1"]
[WhiteElo "2430"]
[BlackElo "2470"]
[PlyCount "74"]
[EventDate "1998.09.??"]
[EventType "team"]
[EventRounds "13"]
[EventCountry "RUS"]
[Source "Fruth,M"]
[SourceDate "2003.05.15"]

1. e4 e5 2. f4 exf4 3. Nf3 d6 4. Bc4 h6 5. d3 g5 6. g3 Nc6 7. gxf4 g4 8. Ng1
Qh4+ 9. Kf1 Nf6 10. Kg2 Rg8 11. Nc3 Na5 12. Bb3 Nxb3 13. axb3 b6 14. Be3 Bb7
15. Bf2 Qh5 16. Bd4 Nd7 17. Nge2 f5 18. Ng3 Qf7 19. Rf1 fxe4 20. dxe4 h5 21.
Kg1 h4 22. Nf5 d5 23. Nb5 Nc5 24. Be5 O-O-O 25. Nxa7+ Kb8 26. Nd4 Qe8 27. exd5
Rxd5 28. Qe1 Bd6 29. Bxd6 Rxd6 30. Nab5 Rd8 31. Qxe8 Rgxe8 32. Rad1 Ne4 33. f5
Ng5 34. Rfe1 Rxe1+ 35. Rxe1 c5 36. Re7 cxd4 37. f6 g3 0-1

[Event "VISA Nordic GP fin IT"]
[Site "Gentofte"]
[Date "1999.08.17"]
[Round "10"]
[White "Westerinen, Heikki MJ"]
[Black "Gunnarsson, Jon Viktor"]
[Result "1-0"]
[WhiteElo "2382"]
[BlackElo "2411"]
[PlyCount "113"]
[EventDate "1999.08.05"]
[EventType "tourn"]
[EventRounds "13"]
[EventCountry "DEN"]
[EventCategory "9"]
[Source "Fruth,M"]
[SourceDate "2003.05.15"]

1. e4 e5 2. f4 exf4 3. Nf3 d6 4. Bc4 Be6 5. Qe2 c6 6. d4 Bxc4 7. Qxc4 Nf6 8.
Nc3 Nxe4 9. Nxe4 d5 10. Qe2 dxe4 11. Qxe4+ Qe7 12. Qxe7+ Bxe7 13. Bxf4 Nd7 14.
O-O-O O-O 15. Rhe1 Rfe8 16. d5 cxd5 17. Rxd5 Nf8 18. c3 a6 19. Kc2 Ne6 20. Be3
Bf6 21. Red1 h6 22. a4 Nc7 23. Rd7 Rxe3 24. Rxc7 b5 25. axb5 axb5 26. Rb7 g5
27. Rxb5 g4 28. Nd4 Rd8 29. Rd2 Re1 30. Rf5 Bg5 31. Rd1 Rxd1 32. Kxd1 Be3 33.
Kc2 Bxd4 34. cxd4 Rxd4 35. Kc3 Rd1 36. Rf4 h5 37. Rf5 Kg7 38. Rxh5 Kg6 39. Rh8
f5 40. g3 Kf6 41. Re8 Rc1+ 42. Kd3 Rd1+ 43. Kc2 Rf1 44. Re2 f4 45. gxf4 Kf5 46.
b4 Kxf4 47. Kc3 Kf3 48. Rc2 Ke4 49. Kc4 Rf8 50. Re2+ Kf3 51. Rb2 Ke4 52. b5
Rc8+ 53. Kb4 Kd5 54. Rd2+ Ke6 55. b6 Rc1 56. Kb5 Rb1+ 57. Kc6 1-0

[Event "CZE-ch B2"]
[Site "corr"]
[Date "2000.??.??"]
[Round "?"]
[White "Vavrla, Zdenek"]
[Black "Bazant, Petr"]
[Result "0-1"]
[WhiteElo "2405"]
[BlackElo "2385"]
[PlyCount "92"]
[EventDate "2000.??.??"]
[EventType "team (corr)"]
[EventRounds "15"]
[EventCountry "CZE"]
[Source "Fruth,M"]
[SourceDate "2003.05.15"]

1. e4 e5 2. f4 exf4 3. Nf3 d6 4. d4 g5 5. h4 g4 6. Ng1 f5 7. Bxf4 fxe4 8. c4
Nf6 9. Nc3 Bg7 10. h5 O-O 11. h6 Bh8 12. Qb3 Nc6 13. O-O-O b6 14. Qb5 Ne7 15.
Qg5+ Kf7 16. Nge2 Rg8 17. Qh4 c6 18. Qf2 d5 19. Ng3 Rf8 20. cxd5 cxd5 21. Kb1
Kg8 22. Be2 Be6 23. Qe3 a6 24. Rdf1 Ng6 25. Be5 Nd7 26. Bxh8 Kxh8 27. Rxf8+
Ndxf8 28. Rf1 b5 29. a3 Nd7 30. Nf5 Nb6 31. Ng7 Bg8 32. Qc1 Rc8 33. Bxg4 Rc6
34. Ka2 a5 35. Qe1 b4 36. Nb5 Qg5 37. Be2 Rc2 38. axb4 Nc4 39. Nf5 Rxb2+ 40.
Ka1 Qxg2 41. Rf2 Qg5 42. Nfd6 Rxb4 43. Bxc4 dxc4 44. Nc3 e3 45. Nf7+ Bxf7 46.
Rxf7 Qxh6 {- bily partii vzdal} 0-1

[Event "CRO-ch TT"]
[Site "Pula"]
[Date "2001.09.13"]
[Round "4"]
[White "Fedorov, Alexei"]
[Black "Gyimesi, Zoltan"]
[Result "1-0"]
[WhiteElo "2599"]
[BlackElo "2602"]
[PlyCount "47"]
[EventDate "2001.09.10"]
[EventType "team"]
[EventRounds "9"]
[EventCountry "CRO"]
[Source "Fruth,M"]
[SourceDate "2003.05.15"]

1. e4 e5 2. f4 exf4 3. Nf3 d6 4. d4 g5 5. h4 g4 6. Ng1 f5 7. Nc3 Nf6 8. Bxf4
fxe4 9. d5 Bg7 10. Bc4 Nbd7 11. h5 O-O 12. h6 Ne8 13. Nge2 Bxc3+ 14. bxc3 Ne5
15. Bb3 Ng6 16. Qd2 a5 17. Bg5 e3 18. Qxe3 Nf6 19. O-O Qe8 20. Qd4 Nh5 21. Ng3
Rxf1+ 22. Rxf1 Ne5 23. Nxh5 Qxh5 24. Qxe5 1-0

[Event "Toronto op"]
[Site "Toronto"]
[Date "2002.03.31"]
[Round "5"]
[White "Day, Lawrence A"]
[Black "Duong, Thanh Nha"]
[Result "1-0"]
[WhiteElo "2456"]
[BlackElo "2385"]
[PlyCount "81"]
[EventDate "2002.??.??"]
[EventType "swiss"]
[EventRounds "6"]
[EventCountry "CAN"]
[Source "Fruth,M"]
[SourceDate "2003.05.15"]

1. e4 e5 2. f4 exf4 3. Nf3 d6 4. d4 g5 5. h4 g4 6. Ng1 Bh6 7. Ne2 Qf6 8. Nbc3
c6 9. g3 f3 10. Nf4 Qe7 11. Kf2 Na6 12. Bxa6 bxa6 13. Re1 Bb7 14. Nfd5 Qd8 15.
Bxh6 Nxh6 16. Qd2 Ng8 17. Ne3 Qd7 18. Nc4 O-O-O 19. Qf4 Ne7 20. h5 f6 21. Rad1
d5 22. Ne3 Rhg8 23. Qxf6 dxe4 24. Nxe4 Nd5 25. Nxd5 Qxd5 26. Nc5 Rdf8 27. Qe6+
Qxe6 28. Rxe6 Rf7 29. Rde1 Kb8 30. R1e5 a5 31. a4 a6 32. Nb3 Rd7 33. c3 Rd5 34.
Nxa5 Rxe5 35. Rxe5 Rg7 36. Nc4 Kc7 37. Rc5 Ba8 38. b4 Re7 39. Ne5 Bb7 40. b5
axb5 41. axb5 1-0

[Event "Leonardo di Bona op 8"]
[Site "Cutro"]
[Date "2002.04.24"]
[Round "1"]
[White "Jonkman, Harmen"]
[Black "Pegorari, Pietro"]
[Result "1-0"]
[WhiteElo "2520"]
[BlackElo "2386"]
[PlyCount "95"]
[EventDate "2002.04.24"]
[EventType "swiss"]
[EventRounds "7"]
[EventCountry "ITA"]
[Source "Fruth,M"]
[SourceDate "2003.05.15"]

1. e4 e5 2. f4 exf4 3. Nf3 d6 4. Bc4 h6 5. d4 g5 6. g3 g4 7. Nh4 f3 8. Nc3 c6
9. Qd3 Ne7 10. Bf4 Bg7 11. O-O-O b5 12. Bb3 Na6 13. Nxb5 cxb5 14. Qxb5+ Kf8 15.
Qh5 Be6 16. d5 Bc8 17. e5 Nc5 18. e6 Nxb3+ 19. axb3 Ng6 20. Nxg6+ fxg6 21. Qxg4
g5 22. Bd2 Qf6 23. Bc3 h5 24. Qe4 Qe7 25. Qxf3+ Ke8 26. Rhf1 Ba6 27. Qf7+ Qxf7
28. Rxf7 Bxc3 29. bxc3 h4 30. Kb2 hxg3 31. hxg3 g4 32. c4 Rb8 33. Rd4 Rg8 34.
Rxa7 Bb7 35. Rf4 Rg7 36. Kc3 Ke7 37. Kd4 Ke8 38. b4 Ke7 39. c3 Ke8 40. c5 dxc5+
41. bxc5 Rg5 42. c4 Bxd5 43. cxd5 Rb4+ 44. Kc3 Rxf4 45. gxf4 Rxd5 46. Kc4 Rf5
47. c6 Rxf4+ 48. Kd5 1-0

[Event "Stork Young Masters IT"]
[Site "Hengelo"]
[Date "2002.08.09"]
[Round "7"]
[White "Asauskas, Henrikas"]
[Black "Smeets, Jan"]
[Result "0-1"]
[WhiteElo "2384"]
[BlackElo "2392"]
[PlyCount "30"]
[EventDate "2002.08.05"]
[EventType "tourn"]
[EventRounds "9"]
[EventCountry "NED"]
[EventCategory "6"]
[Source "Fruth,M"]
[SourceDate "2003.05.15"]

1. e4 e5 2. f4 exf4 3. Nf3 d6 4. Bc4 h6 5. d3 g5 6. g3 fxg3 7. hxg3 Bg7 8. Nxg5
hxg5 9. Rxh8 Bxh8 10. Qh5 Qf6 11. Nc3 Qg7 12. Bxg5 Nf6 13. Bxf7+ Kf8 14. Bxf6
Qxg3+ 15. Kd2 Qf4+ 0-1